Guía práctica para el currículo y la instrucción

Guardado en:
Detalles Bibliográficos
Autores principales: Christine, Charles T (Autor), Christine, Dorothy W (Autor)
Formato: Libro
Lenguaje:español
Publicado: Buenos Aires Guadalupe 1973
Colección:Biblioteca Pedagógica. Sección I: Problemática de la Educación, 19
Materias:
Etiquetas: Agregar Etiqueta
Sin Etiquetas, Sea el primero en etiquetar este registro!

MARC

LEADER 00000nam a2200000 a 4500
001 UCU0498
003 CL-VaPUC
008 960322e19730000AG |||||||||||||||||spa|d
082 0 4 |a 375.001  |b CHR  |2 21 
100 0 |a Christine, Charles T  |e author  |9 355702 
700 0 |a Christine, Dorothy W  |e author  |9 355703 
245 1 0 |a Guía práctica para el currículo y la instrucción 
300 |a 254 p 
942 |c BK 
945 |d 19960322 00:00:00  |a lriquelm 
260 |a Buenos Aires  |b Guadalupe  |c 1973 
650 0 |a Currículo  |9 307290 
650 7 |a DESARROLLO DE LOS CURRICULOS  |2 CL-VaPUC  |9 338829 
650 0 |a Planificación del currículo  |9 269599 
650 7 |a GUIAS PEDAGOGICAS  |2 CL-VaPUC  |9 355704 
650 0 |a Innovaciones pedagógicas  |9 307471 
583 |a last modification  |c 19960322 00:00:00  |k Rodrigo Vera 
490 0 |a Biblioteca Pedagógica. Sección I: Problemática de la Educación, 19 
999 |c 245341  |d 245339 
952 |0 0  |1 0  |4 0  |6 375_001000000000000_CHR_1973  |7 0  |8 P  |9 259815  |a BIBEDU  |b BIBEDU  |c BIBEDU_PB  |d 2019-11-19  |i 1636170  |o 375.001 CHR 1973  |p 1636170  |r 2024-01-25  |w 2019-11-19  |y BK  |k EDU 
952 |0 0  |1 0  |4 0  |6 375_001000000000000_CHR_1973  |7 0  |8 P  |9 259816  |a BIBEDU  |b BIBEDU  |c BIBEDU_PB  |d 2019-11-19  |i 1635034  |o 375.001 CHR 1973  |p 1635034  |r 2024-01-25  |w 2019-11-19  |y BK  |k EDU 
952 |0 0  |1 0  |4 0  |6 375_001000000000000_CHR_1973  |7 0  |8 P  |9 259817  |a BIBEDU  |b BIBEDU  |c BIBEDU_PB  |d 2019-11-19  |i 3362507  |o 375.001 CHR 1973  |p 3362507  |r 2024-01-25  |w 2019-11-19  |y BK  |k EDU